000 02850cam a22005654i 4500
003 PE-LiUPU
005 20250731180144.0
008 150706s r 000 0 d
020 _a9788497324595
035 _a(Sirsi) i9788497324595
040 _aPE-LiUPU
_bspa
_cPE-LiUPU
_erda
049 _aPRUA
082 0 4 _a551.2
_bM77
_221
100 1 _aMonroe, James S.,
_eautor.
245 1 0 _aGeología :
_bdinámica y evolución de la tierra /
_cJames S. Monroe, Reed Wicander y Manuel Pozo Rodríguez.
250 _a4a
264 1 _aMadrid :
_bParaninfo Cengage Learning,
_c2008.
300 _a726 páginas :
_bilustraciones a color, gráficos, mapas ;
_c27 centímetros
300 _aCD-ROM
336 _atext
_2rdacontent
337 _aunmediated
_2rdamedia
338 _avolume
_2rdacarrier
505 0 _aLa tierra: un planeta dinámico y en evolución -- Téctonica de placas: una teoría de unificación -- Minerales, los formadores de las rocas -- Las rocas ígneas y la actividad ígnea intrusiva -- Volcanismo y volcanes -- Meteorización, suelo y rocas sedimentarias -- Metamorfismo y rocas metamórficas -- Los terremotos y el interior de la tierra -- El fondo oceánico -- Deformación, formación de montañas y los continentes -- Procesos gravitacionales -- Corrientes de agua -- Aguas subterráneas -- Los glaciares y la glaciación -- La obra del viento y de los desiertos -- Las costas y los procesos costeros -- El tiempo geológico: conceptos y principios -- La evolución: la teoría y las pruebas que la respaldan -- Historia de la vida y de la tierra en el precámbrico -- Historia de la tierra en el Paleozoico -- Historia de la vida en el Paleozoico -- Historia de la vida y de la tierra en el Mesozoico -- Historia de la vida y de la tierra en el Cenozoico.
526 _aSEG44
526 _aSEG26
526 _aP159
526 _aP155
526 _aP154
526 _aP153
526 _aP150
526 _aP100
526 _aP31
526 _aP30
526 _aP26
526 _aP25
526 _aP24
526 _aP22
526 _aP15
526 _aP10
541 _g030-0009815;
650 0 4 _aGeología.
700 1 _aPozo Rodríguez, Manuel,
_eautor.
700 1 _aReed, Wicander,
_ecoaut
910 _agl
_bjv
_clch
_d20110530
942 _2ddc
_cBOOK
949 _a551.2 M77
_wDEWEY
_c1
_i62930
_d2016-11-8
_e2016-11-8
_lCCODEBUL1
_mBUL
_n38
_p97.00
_r1
_sY
_tBOOK
_u2015-7-6
_xINGENIERIA
_PP24
_o.CIRCNOTE. No hay Préstamo
_o.STAFF. Colección General
994 _aC0
_bPEPRU
596 _a1
999 _a551.2 M77
_wDEWEY
_c51958
_i62930
_d51958
_e2018-11-22
_f2021-11-9
_g7
_lCCODEBUL1
_mBUL
_n49
_p97.00
_q2
_r0
_sY
_tBOOK
_u2015-7-6
_xINGENIERIA
_PP24
_o.CIRCNOTE. No hay Préstamo
_o.STAFF. Colección General
980 _81
_gALBERTO SANCHEZ Responsable de Automatización